000 00470nam a22001577a 4500
005 20180804111135.0
020 _a812370643X
_c40.00
035 _aB-8389, B-008388
037 _aDPL
_bENG
100 _aAgrawal, O. P.
245 _aPreservation of art objects and library materials /
_cby O. P. Agrawal
250 _a2nd ed.
260 _aNew Delhi
_bNational Book Trust, India
_c1999
300 _axi, 112p.
_c18 cms.
942 _2ddc
_cEN
_h025.84
_mAGA
999 _c63438
_d63438